[Event "Ceske Budejovice op-B"]
[Site "Ceske Budejovice"]
[Date "2020.07.02"]
[Round "2"]
[White "Brestak, Pavel"]
[Black "Svadlenka, Dominik"]
[Result "0-1"]
[WhiteElo "1086"]
[BlackElo "1350"]
[PlyCount "92"]
[EventDate "2020.07.01"]
[EventType "swiss"]
[EventRounds "9"]
[EventCountry "CZE"]
[SourceTitle "CBM 197 Extra"]
[Source "ChessBase"]
[SourceDate "2020.09.30"]
[SourceVersion "1"]
[SourceVersionDate "2020.09.30"]
[SourceQuality "1"]

1. e4 c6 2. d4 d5 3. exd5 cxd5 4. Nc3 Nc6 5. Bf4 Nf6 6. Nb5 e5 7. dxe5 Qe7 8. Be2 Nxe5 9. h3 a6 10. Nd4 Nc4 11. b3 Qb4+ 12. Bd2 Nxd2 13. Qxd2 Qxd2+ 14. Kxd2 Ne4+ 15. Kc1 Nxf2 16. Rh2 Bd6 17. g3 Bxg3 18. Rg2 Bf4+ 19. Kb1 Ne4 20. Kb2 Be5 21. c3 Bd7 22. Bd3 Nc5 23. Rd2 Nxd3+ 24. Rxd3 Bxd4 25. Rxd4 Be6 26. Re1 0-0 27. c4 dxc4 28. bxc4 Rfd8 29. Rxd8+ Rxd8 30. Kb3 Rd4 31. Kb2 g5 32. Rc1 Rxc4 33. Rxc4 Bxc4 34. Kc3 Bxa2 35. Nf3 h6 36. Kb2 Be6 37. Nd4 Bxh3 38. Nf5 Bxf5 39. Kc3 b5 40. Kb4 g4 41. Ka5 g3 42. Kxa6 g2 43. Kxb5 g1Q 44. Kc4 Be6+ 45. Kb4 Qd4+ 46. Ka3 Qc3+ 0-1

[Event "CZE-ch U10"]
[Site "Kouty nad Desnou"]
[Date "2020.03.09"]
[Round "4"]
[White "Vana, Jan1"]
[Black "Svadlenka, Dominik"]
[Result "1-0"]
[WhiteElo "1268"]
[BlackElo "1410"]
[PlyCount "57"]
[EventDate "2020.03.07"]
[EventType "swiss"]
[EventRounds "7"]
[EventCountry "CZE"]
[SourceTitle "CBM 195 Extra"]
[Source "ChessBase"]
[SourceDate "2020.05.31"]
[SourceVersion "1"]
[SourceVersionDate "2020.05.31"]
[SourceQuality "1"]

1. d4 d5 2. c4 e6 3. Nc3 Nf6 4. cxd5 exd5 5. Bg5 Be7 6. Nf3 0-0 7. e3 Nbd7 8. Bd3 b6 9. Rc1 Bb7 10. 0-0 c5 11. Bb1 a6 12. Qc2 c4 13. Ne5 g6 14. Bh6 Re8 15. f4 b5 16. f5 b4 17. Nxf7 Kxf7 18. fxg6+ Kg8 19. Ne2 Ne4 20. Ng3 Ndf6 21. Qe2 hxg6 22. Nxe4 dxe4 23. g4 Kh7 24. g5 Nd5 25. Bxe4 Bxg5 26. Qh5 Qb6 27. Bxg5+ Kg8 28. Bxg6 Qc7 29. Bf7+ 1-0

[Event "CZE-ch U10"]
[Site "Kouty nad Desnou"]
[Date "2020.03.07"]
[Round "1"]
[White "Svadlenka, Dominik"]
[Black "Melnikov, Ivan"]
[Result "1/2-1/2"]
[WhiteElo "1410"]
[BlackElo "1154"]
[PlyCount "85"]
[EventDate "2020.03.07"]
[EventType "swiss"]
[EventRounds "7"]
[EventCountry "CZE"]
[SourceTitle "CBM 195 Extra"]
[Source "ChessBase"]
[SourceDate "2020.05.31"]
[SourceVersion "1"]
[SourceVersionDate "2020.05.31"]
[SourceQuality "1"]

1. d4 Nf6 2. c4 g6 3. Nc3 Bg7 4. e4 d6 5. Nf3 0-0 6. h3 e5 7. d5 a5 8. Be3 Na6 9. Be2 Nc5 10. Nd2 Ne8 11. 0-0 f5 12. f3 f4 13. Bf2 g5 14. a3 a4 15. Bxc5 dxc5 16. Nxa4 h5 17. Nxc5 b6 18. Nd3 Qf6 19. c5 bxc5 20. Nc4 Qg6 21. Ndxe5 Qf6 22. Nc6 Ba6 23. e5 Qf7 24. e6 Qf6 25. e7 Rf7 26. N4e5 Rxe7 27. Nxe7+ Qxe7 28. Bxa6 Qxe5 29. Bc4 Nd6 30. b3 Qe3+ 31. Kh2 Bxa1 32. Qxa1 Kf7 33. Qb1 Kg7 34. Re1 Qd4 35. Re7+ Kf8 36. Qh7 Rxa3 37. Rxc7 Qf6 38. Rc6 Ra1 39. Qd7 g4 40. fxg4 hxg4 41. Qxg4 Qe5 42. Qe6 Rh1+ 43. Kxh1 1/2-1/2